Principles of political science (Record no. 9968)
[ view plain ]
| 000 -LEADER | |
|---|---|
| fixed length control field | 00657nam a22002057a 4500 |
| 003 - CONTROL NUMBER IDENTIFIER | |
| control field | OSt |
| 005 - DATE AND TIME OF LATEST TRANSACTION | |
| control field | 20260427092651.0 |
| 008 - FIXED-LENGTH DATA ELEMENTS--GENERAL INFORMATION | |
| fixed length control field | 260427b |||||||| |||| 00| 0 eng d |
| 020 ## - INTERNATIONAL STANDARD BOOK NUMBER | |
| International Standard Book Number | 9-71-120008-2 |
| 040 ## - CATALOGING SOURCE | |
| Original cataloging agency | OC |
| Transcribing agency | DWC-Main Liib |
| 082 ## - DEWEY DECIMAL CLASSIFICATION NUMBER | |
| Classification number | Fil. 320 Ar83 1981 |
| 100 ## - MAIN ENTRY--PERSONAL NAME | |
| Personal name | Aruego, J. |
| 245 ## - TITLE STATEMENT | |
| Title | Principles of political science |
| Statement of responsibility, etc. | Aruego, Jose M. |
| 260 ## - PUBLICATION, DISTRIBUTION, ETC. | |
| Place of publication, distribution, etc. | Manila: |
| Name of publisher, distributor, etc. | University Book Supply, Inc., |
| Date of publication, distribution, etc. | c1981. |
| 300 ## - PHYSICAL DESCRIPTION | |
| Extent | xi, 357 pages, |
| Dimensions | 22 cm. |
| 504 ## - BIBLIOGRAPHY, ETC. NOTE | |
| Bibliography, etc. note | Includes index. |
| 650 ## - SUBJECT ADDED ENTRY--TOPICAL TERM | |
| Topical term or geographic name entry element | 1. Political science. |
| 700 ## - ADDED ENTRY--PERSONAL NAME | |
| Personal name | AruegoTorres, Gloria |
| Relator term | Author |
| 942 ## - ADDED ENTRY ELEMENTS (KOHA) | |
| Source of classification or shelving scheme | Dewey Decimal Classification |
| Koha item type | Book-Filipiniana |
| Classification part | Fil. 320 Ar83 1981 |
| Call number prefix | Fil. |
| Suppress in OPAC | No |
| 952 ## - LOCATION AND ITEM INFORMATION (KOHA) | |
| -- | |
| 952 ## - LOCATION AND ITEM INFORMATION (KOHA) | |
| -- | |
| 952 ## - LOCATION AND ITEM INFORMATION (KOHA) | |
| -- | |
| 952 ## - LOCATION AND ITEM INFORMATION (KOHA) | |
| -- | |
| 952 ## - LOCATION AND ITEM INFORMATION (KOHA) | |
| -- | |
| Withdrawn status | Lost status | Source of classification or shelving scheme | Damaged status | Not for loan | Home library | Current library | Shelving location | Date acquired | Source of acquisition | Total Checkouts | Full call number | Barcode | Date last seen | Copy number | Price effective from | Koha item type | Uniform Resource Identifier |
|---|---|---|---|---|---|---|---|---|---|---|---|---|---|---|---|---|---|
| Dewey Decimal Classification | College Library | College Library | Filipiniana | 04/27/2026 | School Fund | Fil. 320 Ar83 1981 | CL30690 | 04/27/2026 | c4 | 04/27/2026 | BK-FIL | ||||||
| Dewey Decimal Classification | College Library | College Library | Filipiniana | 04/27/2026 | School Fund | Fil. 320 Ar83 1981 | CL35822 | 04/27/2026 | c1 | 04/27/2026 | BK-FIL | ||||||
| Dewey Decimal Classification | College Library | College Library | Filipiniana | 04/27/2026 | School Fund | Fil. 320 Ar83 1981 | CL30686 | 04/27/2026 | c2 | 04/27/2026 | BK-FIL | ||||||
| Dewey Decimal Classification | College Library | College Library | Filipiniana | 04/27/2026 | School Fund | Fil. 320 Ar83 1981 | CL22734 | 04/27/2026 | c3 | 04/27/2026 | BK-FIL | ||||||
| Dewey Decimal Classification | College Library | College Library | Filipiniana | 04/27/2026 | School Fund | Fil. 320 Ar83 1981 | CL30689 | 04/27/2026 | c5 | 04/27/2026 | BK-FIL |